Formula 1 - Valtiot joissa on ajettu osakilpailu - Statistics

Yleistilastot
  • Tätä visaa on pelattu 144 kertaa
  • Keskiarvotulos 28 / 34
Vastaustilastot
Manner Vuosina Valtio % Oikein
Aasia 1976- Japani
97%
Eurooppa 1951-2019 Saksa
97%
Amerikka 1973- Brasilia
96%
Eurooppa 1950- Italia
96%
Oseania 1985- Australia
95%
Aasia 2004- Kiina
95%
Amerikka 1950- Yhdysvallat
95%
Eurooppa 1951- Espanja
91%
Amerikka 1967- Kanada
91%
Amerikka 1963- Meksiko
90%
Eurooppa 1950- Ranska
90%
Eurooppa 1950- Belgia
89%
Eurooppa 1950- Yhdistyt Kuningaskunta
89%
Eurooppa 2014-2021 Venäjä
88%
Eurooppa 1952- Alankomaat
87%
Eurooppa 1958-2021 Portugali
87%
Eurooppa 1964- Itävalta
86%
Eurooppa 1950- Monaco
86%
Amerikka 1953-1998 Argentiina
82%
Aasia 2021- Qatar
81%
Eurooppa 1986- Unkari
81%
Afrikka 1962-1993 Etelä-Afrikka
79%
Aasia 2021- Saudi-Arabia
79%
Aasia 2004- Bahrain
77%
Aasia 2005-2021 Turkki
74%
Aasia 2010-2013 Etelä-Korea
71%
Aasia 2008- Singapore
71%
Aasia 1999-2017 Malesia
70%
Eurooppa 1973-1978 Ruotsi
70%
Aasia 2011-2013 Intia
69%
Aasia 2009- Yhdistyneet Arabiemiirikunnat
68%
Aasia 2016- Azerbaidžan
65%
Eurooppa 1950-1954 Sveitsi
61%
Afrikka 1958 Marokko
57%
Ehtoja vastaavia visoja ei löytynyt
Tulosjakauma
Jokaisen tuloksen saaneiden osuus
Persentiili vastausten määrän mukaan
Tuloshistoriasi
Et ole pelannut tätä visaa